[Event "7th Sharjah Masters 2024"]
[Site "Sharjah UAE"]
[Date "2024.05.18"]
[Round "5.43"]
[White "Avila Pavas, Santiago"]
[Black "Suleymenov, Alisher"]
[Result "1-0"]
[WhiteTitle "GM"]
[BlackTitle "GM"]
[WhiteElo "2516"]
[BlackElo "2501"]
[WhiteFideId "4437128"]
[BlackFideId "13707833"]
[EventDate "2024.05.14"]

1. e4 c5 2. Nf3 d6 3. d4 cxd4 4. Nxd4 Nf6 5. Nc3 a6 6. Be3 e5 7. Nb3 Be7 8. f3
Be6 9. Qd2 h5 10. Be2 Nbd7 11. a4 Qc7 12. O-O O-O 13. Rfc1 Nc5 14. Nxc5 dxc5 15.
a5 h4 16. Na4 Rad8 17. Qc3 Rd4 18. Qe1 Nh5 19. Nb6 Nf4 20. Bxf4 exf4 21. c3 Rd6
22. Bc4 Bxc4 23. Nxc4 Rg6 24. h3 Qc8 25. Kh2 Qe6 26. Qe2 Rg3 27. Rd1 g5 28. Rd5
Qh6 29. Ne5 Qe6 30. Qc4 b5 31. axb6 Qxb6 32. Rd2 Qb5 33. Qxb5 axb5 34. Ra7 Re8
35. Rdd7 Bf8 36. Ng4 Rxg4 37. hxg4 f6 38. Kg1 b4 39. c4 Kh8 40. Kf2 Rb8 41. Ke2
Re8 42. Rf7 Rd8 43. b3 Bd6 44. Rxf6 Be5 45. Rf5 Bc3 46. Rd5 1-0

[Event "7th Sharjah Masters 2024"]
[Site "Sharjah UAE"]
[Date "2024.05.19"]
[Round "6.2"]
[White "Daneshvar, Bardiya"]
[Black "Niemann, Hans Moke"]
[Result "1/2-1/2"]
[WhiteTitle "GM"]
[BlackTitle "GM"]
[WhiteElo "2582"]
[BlackElo "2689"]
[WhiteFideId "12576468"]
[BlackFideId "2093596"]
[EventDate "2024.05.14"]

1. d4 Nf6 2. c4 e6 3. Nf3 d5 4. Nc3 c6 5. e3 Nbd7 6. Qc2 Bd6 7. Bd3 dxc4 8. Bxc4
b5 9. Bd3 Bb7 10. O-O O-O 11. e4 e5 12. h3 Re8 13. dxe5 Nxe5 14. Nxe5 Bxe5 15.
Be3 Bd4 16. Rae1 a6 17. Bxd4 Qxd4 18. Ne2 Qb6 19. Ng3 g6 20. e5 Nd5 21. Ne4 Rad8
22. Qd2 Rxe5 23. Nf6+ Nxf6 24. Rxe5 c5 25. Qe3 Kg7 26. Re1 Rd4 27. Bf1 Qd6 28.
Qc3 Nd5 29. Qc1 h5 30. b3 Bc8 31. R5e4 Bf5 32. Rxd4 cxd4 33. Rd1 Nf4 34. Qb2 Ne6
35. h4 Be4 36. Qd2 Bb7 37. a4 Qd8 38. axb5 axb5 39. Qe2 Qxh4 40. Qxb5 Qe4 41.
Qd3 Qg4 42. Qe2 Qg5 43. Re1 Nf4 44. Qe5+ Qxe5 45. Rxe5 d3 1/2-1/2

[Event "7th Sharjah Masters 2024"]
[Site "Sharjah UAE"]
[Date "2024.05.19"]
[Round "6.3"]
[White "Salem, A.R. Saleh"]
[Black "Tabatabaei, M. Amin"]
[Result "1/2-1/2"]
[WhiteTitle "GM"]
[BlackTitle "GM"]
[WhiteElo "2629"]
[BlackElo "2707"]
[WhiteFideId "9301348"]
[BlackFideId "12521213"]
[EventDate "2024.05.14"]

1. d4 Nf6 2. c4 e6 3. Nf3 d5 4. g3 Bb4+ 5. Bd2 Be7 6. Bg2 O-O 7. O-O Nbd7 8. Qc2
c6 9. Rd1 b6 10. b3 a5 11. Bc3 Bb7 12. Nbd2 Qc7 13. Bb2 c5 14. cxd5 exd5 15. a4
Nb8 16. Rac1 Na6 17. dxc5 bxc5 18. Nd4 Nb4 19. Qb1 Rfe8 20. Nf5 Ba6 21. Bf1 Qb6
22. e4 Bxf1 23. Rxf1 dxe4 24. Nxe7+ Rxe7 25. Bxf6 Qxf6 26. Nxe4 Qg6 27. Rc4 Na6
28. Rd1 Re6 29. Qd3 h6 30. Nxc5 Qxd3 31. Rxd3 Nxc5 32. Rxc5 Rb6 33. Rb5 Rxb5 34.
axb5 Kf8 35. Kg2 Ke7 36. Kf3 Rc8 37. Ke4 Rc5 38. Rd5 Rc3 39. b4 a4 40. Kd4 Rc1
41. Rc5 Rb1 42. Rc7+ Kd6 43. Rc6+ Kd7 44. Ra6 Rxb4+ 45. Kc5 Rb2 46. Rxa4 Rxf2
47. Rf4 Rc2+ 48. Kb6 Ke6 49. h4 g5 50. Ra4 Rc3 51. hxg5 hxg5 52. g4 f5 53. gxf5+
Kxf5 54. Ka6 g4 55. b6 Rb3 56. Ra5+ Ke4 57. b7 Rxb7 58. Kxb7 g3 59. Ra3 Kf4 60.
Rxg3 Kxg3 1/2-1/2

[Event "7th Sharjah Masters 2024"]
[Site "Sharjah UAE"]
[Date "2024.05.19"]
[Round "6.4"]
[White "Yuffa, Daniil"]
[Black "Erigaisi, Arjun"]
[Result "0-1"]
[WhiteTitle "GM"]
[BlackTitle "GM"]
[WhiteElo "2617"]
[BlackElo "2762"]
[WhiteFideId "24131423"]
[BlackFideId "35009192"]
[EventDate "2024.05.14"]

1. d4 Nf6 2. c4 b6 3. Nc3 Bb7 4. Qc2 Nc6 5. Nf3 Nb4 6. Qb1 Bxf3 7. gxf3 g6 8. f4
Bg7 9. Bg2 Rb8 10. a3 Nc6 11. Qd3 O-O 12. e4 e6 13. Be3 Nh5 14. Bf3 Qh4 15. Ne2
a6 16. Rg1 b5 17. c5 b4 18. Rg5 bxa3 19. bxa3 Nxd4 20. Nxd4 Nxf4 21. Bxf4 Qxf4
22. Rg3 Qe5 23. Rd1 Qxc5 24. Kf1 Rb2 25. Be2 Rfb8 26. Qc4 Qb6 27. Rgd3 c6 28.
Nf3 d5 29. exd5 cxd5 30. Qf4 h6 31. h4 Rc8 32. Ne5 Rc7 33. Re3 Qb7 34. Nd3 d4
35. Re4 Rb5 36. Bf3 Rf5 37. Qg3 Rc3 38. Rf4 Qb3 39. Rxf5 Rxd3 40. Rxf7 Rxd1+ 41.
Kg2 Kxf7 42. Qc7+ Kg8 0-1

[Event "7th Sharjah Masters 2024"]
[Site "Sharjah UAE"]
[Date "2024.05.19"]
[Round "6.6"]
[White "Sarana, Alexey"]
[Black "Sankalp, Gupta"]
[Result "1-0"]
[WhiteTitle "GM"]
[BlackTitle "GM"]
[WhiteElo "2706"]
[BlackElo "2532"]
[WhiteFideId "24133795"]
[BlackFideId "5097010"]
[EventDate "2024.05.14"]

1. d4 d5 2. c4 dxc4 3. Nf3 Nf6 4. e3 e6 5. Bxc4 c5 6. O-O a6 7. dxc5 Bxc5 8.
Qxd8+ Kxd8 9. Be2 Ke7 10. Nc3 b5 11. Nd2 Bb7 12. Nb3 Nbd7 13. Na5 Ra7 14. a4 b4
15. Na2 Bd5 16. Rd1 Nb8 17. Bd2 Bxa2 18. Rxa2 Rd8 19. Raa1 Ke8 20. Rac1 Be7 21.
Kf1 Rad7 22. Be1 Nd5 23. Nc4 f5 24. Bf3 Nf6 25. Na5 Nd5 26. g4 g6 27. gxf5 exf5
28. Nc4 Nf6 29. Na5 Nd5 30. Rxd5 Rxd5 31. Nb7 Re5 32. Rc7 a5 33. Nxd8 Kxd8 34.
Ra7 Rc5 35. b3 Nd7 36. Be2 Bd6 37. Bb5 Bc7 38. f3 Rc2 39. Ra8+ Nb8 40. Bg3 Rc3
41. Ke2 Bxg3 42. hxg3 Kc7 43. Ra7+ Kd6 44. Rxh7 Nc6 45. Rh6 Ne7 46. Bc4 Rc2+ 47.
Kd3 Rg2 48. Rh3 g5 49. Rh6+ Kc7 50. Re6 Kd7 51. g4 fxg4 52. fxg4 Rxg4 53. Ra6
Rg1 54. Rxa5 Kd6 55. Ra6+ Kc5 56. Ra5+ Kd6 57. Ke4 Nc6 58. Rd5+ Kc7 59. Rf5 Kb6
60. a5+ Ka7 61. Rf7+ Kb8 62. a6 Ra1 63. Rb7+ Kc8 64. Be6+ Kd8 65. Rd7+ Ke8 66.
Rc7 Rxa6 67. Bd7+ Ke7 68. Rxc6 1-0

[Event "7th Sharjah Masters 2024"]
[Site "Sharjah UAE"]
[Date "2024.05.19"]
[Round "6.7"]
[White "Sindarov, Javokhir"]
[Black "Fedoseev, Vladimir3"]
[Result "1-0"]
[WhiteTitle "GM"]
[BlackTitle "GM"]
[WhiteElo "2684"]
[BlackElo "2702"]
[WhiteFideId "14205483"]
[BlackFideId "24130737"]
[EventDate "2024.05.14"]

1. e4 e5 2. Nf3 Nf6 3. Nc3 Nc6 4. Bb5 Bb4 5. O-O O-O 6. d3 Re8 7. Nd5 Nxd5 8.
exd5 a6 9. Bc4 Na5 10. a3 Nxc4 11. axb4 Nb6 12. d6 Nd5 13. d4 e4 14. Ne5 Qh4 15.
Ra3 Qf6 16. Qh5 g6 17. Rg3 Qe6 18. Qh4 cxd6 19. Ng4 b5 20. b3 f5 21. Nh6+ Kg7
22. c4 Bb7 23. cxd5 Bxd5 24. Bf4 Rf8 25. Rh3 Rac8 26. g4 fxg4 27. Nxg4 h5 28.
Bh6+ Kg8 29. Ne3 Rf7 30. Rg3 Kh7 31. Nxd5 Qxd5 32. Be3 Rc3 33. Qg5 Qxg5 34. Bxg5
Rff3 35. Ra1 Rxb3 36. Rxa6 Rb2 37. Rxf3 exf3 38. h4 Rxb4 39. Rxd6 Rc4 40. Rxd7+
Kg8 41. Kh2 b4 42. Be3 b3 1-0

[Event "7th Sharjah Masters 2024"]
[Site "Sharjah UAE"]
[Date "2024.05.19"]
[Round "6.8"]
[White "Maghsoodloo, Parham"]
[Black "Theodorou, Nikolas"]
[Result "1-0"]
[WhiteTitle "GM"]
[BlackTitle "GM"]
[WhiteElo "2733"]
[BlackElo "2617"]
[WhiteFideId "12539929"]
[BlackFideId "4262875"]
[EventDate "2024.05.14"]

1. d4 Nf6 2. c4 g6 3. Nc3 Bg7 4. e4 d6 5. h3 O-O 6. Be3 Nc6 7. d5 Ne5 8. Qc2 e6
9. f4 Ned7 10. dxe6 fxe6 11. g4 Qe7 12. Nge2 Nb6 13. b3 d5 14. e5 Nfd7 15. Bg2
Nxe5 16. fxe5 Qh4+ 17. Kd2 Bh6 18. Qd3 dxc4 19. Qe4 Nd5 20. Nxd5 exd5 21. Qd4
Be6 22. g5 Bxg5 23. Qxh4 Bxh4 24. Nd4 Rfe8 25. bxc4 dxc4 26. Bxb7 Rad8 27. Ke2
Bd5 28. Bxd5+ Rxd5 29. Nf3 Bg3 30. Rhd1 Bxe5 31. Rxd5 Bxa1 32. Rc5 Rb8 33. a4
Rb4 34. a5 a6 35. Nd2 c3 36. Nc4 Rb2+ 37. Kd3 Rh2 38. Rc6 c2 39. Rxa6 c5 40.
Ra8+ Kf7 41. a6 Bd4 42. Bd2 c1=Q 43. Bxc1 Rxh3+ 44. Be3 Bxe3 45. Nxe3 c4+ 46.
Kxc4 Rxe3 47. a7 Re7 48. Rh8 Rc7+ 49. Kd4 Rd7+ 50. Ke4 Re7+ 1-0

[Event "7th Sharjah Masters 2024"]
[Site "Sharjah UAE"]
[Date "2024.05.19"]
[Round "6.9"]
[White "Sevian, Samuel"]
[Black "Pranav, V"]
[Result "0-1"]
[WhiteTitle "GM"]
[BlackTitle "GM"]
[WhiteElo "2699"]
[BlackElo "2587"]
[WhiteFideId "2040506"]
[BlackFideId "25060783"]
[EventDate "2024.05.14"]

1. e4 e5 2. Nf3 Nc6 3. Bc4 Nf6 4. d3 d5 5. exd5 Nxd5 6. O-O Nb6 7. Bb3 Be7 8.
Re1 Bg4 9. Nbd2 f6 10. h3 Bh5 11. Ne4 Nd4 12. g4 Nxb3 13. axb3 Bg6 14. Nh4 Qd7
15. Qf3 a6 16. Be3 Nd5 17. Bd2 O-O-O 18. Ng3 Kb8 19. Nhf5 Bc5 20. Ra4 h5 21.
gxh5 Bxf5 22. Nxf5 Nf4 23. Rxf4 exf4 24. Bxf4 Rdg8 25. d4 Bb4 26. c3 g6 27. Nh6
Rc8 28. hxg6 Bd6 29. Re3 Qg7 30. Ng4 Bxf4 31. Qxf4 Qxg6 32. Qxf6 Qb1+ 33. Kg2
Qxb2 34. b4 Rhg8 35. Qe6 Rcf8 36. Rf3 Re8 37. Qd5 Qc2 38. b5 a5 39. Kh2 Rd8 40.
Qc5 b6 41. Qc4 Qc1 42. Rf7 Rc8 43. d5 Qd1 44. Rd7 Rg6 45. Qe4 Rd6 46. Rxd6 cxd6
47. Qe6 Rxc3 48. Qxd6+ Kb7 49. Ne5 Qd4 50. Kg2 Qe4+ 51. Kh2 Qf4+ 52. Kg2 a4 53.
Qe6 Qe4+ 54. Kh2 Rc7 55. Qd6 Qf4+ 56. Kg2 a3 57. Qxa3 Qxe5 58. Qa6+ Kb8 59.
Qxb6+ Kc8 60. Qa6+ Kd8 61. Qa8+ Rc8 62. Qa5+ Kd7 63. b6 Qe4+ 64. Kh2 Qf4+ 65.
Kg2 Rg8+ 66. Kf1 Qc4+ 67. Ke1 Re8+ 68. Kd1 Qd3+ 69. Kc1 Rc8+ 0-1

[Event "7th Sharjah Masters 2024"]
[Site "Sharjah UAE"]
[Date "2024.05.19"]
[Round "6.10"]
[White "Nihal, Sarin"]
[Black "Muradli, Mahammad"]
[Result "1/2-1/2"]
[WhiteTitle "GM"]
[BlackTitle "GM"]
[WhiteElo "2680"]
[BlackElo "2561"]
[WhiteFideId "25092340"]
[BlackFideId "13409301"]
[EventDate "2024.05.14"]

1. e4 c5 2. Nf3 d6 3. d4 cxd4 4. Nxd4 Nf6 5. Nc3 a6 6. Be3 e5 7. Nb3 Be6 8. f3
h5 9. Nd5 Bxd5 10. exd5 Nbd7 11. Qd2 g6 12. O-O-O Nb6 13. Kb1 Nfxd5 14. Bg5 Be7
15. Bxe7 Qxe7 16. Qa5 Ne3 17. Qxb6 Nxd1 18. Bc4 Rc8 19. Bd5 Nxb2 20. Kxb2 Qc7
21. Qf2 a5 22. c4 a4 23. Nd2 b5 24. Kc2 bxc4 25. Rb1 O-O 26. Rb7 Qa5 27. Ne4 Kg7
28. Bxf7 Rc7 29. Qh4 Rfxf7 30. Qd8 Qd5 31. Rxc7 Qd3+ 32. Kc1 Qf1+ 33. Kc2 Qd3+ 1/2-1/2

[Event "7th Sharjah Masters 2024"]
[Site "Sharjah UAE"]
[Date "2024.05.19"]
[Round "6.11"]
[White "Suleymanli, Aydin"]
[Black "Martirosyan, Haik M."]
[Result "1-0"]
[WhiteTitle "GM"]
[BlackTitle "GM"]
[WhiteElo "2621"]
[BlackElo "2679"]
[WhiteFideId "13413937"]
[BlackFideId "13306553"]
[EventDate "2024.05.14"]

1. e4 e5 2. Nf3 Nc6 3. Bb5 Nf6 4. O-O Nxe4 5. Re1 Nd6 6. Nxe5 Be7 7. Bf1 Nxe5 8.
Rxe5 O-O 9. d4 Bf6 10. Re1 Nf5 11. d5 d6 12. Nd2 Bg5 13. a4 Ne7 14. Qf3 Ng6 15.
a5 a6 16. Qb3 Ne5 17. g3 Nd7 18. h4 Bh6 19. Nf3 Bxc1 20. Raxc1 Nf6 21. c4 c5 22.
dxc6 bxc6 23. c5 Be6 24. Qa3 dxc5 25. Qxc5 Bd5 26. Nd4 Rb8 27. b4 Ng4 28. Nxc6
Bxc6 29. Qxc6 Rxb4 30. Qc5 Rd4 31. Be2 Rd5 32. Qb6 Nf6 33. Red1 h5 34. Rxd5 Qxd5
35. Qxa6 Ne4 36. Qd3 Qa8 37. a6 Re8 38. Bf3 f5 39. Rc7 1-0

[Event "7th Sharjah Masters 2024"]
[Site "Sharjah UAE"]
[Date "2024.05.19"]
[Round "6.12"]
[White "Iniyan, Pa"]
[Black "Nguyen, Thai Dai Van"]
[Result "1/2-1/2"]
[WhiteTitle "GM"]
[BlackTitle "GM"]
[WhiteElo "2497"]
[BlackElo "2650"]
[WhiteFideId "25002767"]
[BlackFideId "358878"]
[EventDate "2024.05.14"]

1. d4 d5 2. c4 c6 3. Nf3 Nf6 4. Nc3 e6 5. Bg5 h6 6. Bxf6 Qxf6 7. e3 Nd7 8. Bd3
dxc4 9. Bxc4 g6 10. O-O Bg7 11. b4 O-O 12. a4 e5 13. a5 exd4 14. exd4 Qd6 15.
Qb3 b5 16. axb6 Nxb6 17. Ne4 Qf4 18. Rfe1 Bf5 19. Ng3 Bd7 20. Bd3 Rae8 21. Bxg6
Be6 22. Rxe6 Rxe6 23. Bc2 Nd5 24. h3 Rfe8 25. Nh5 Qc7 26. g3 Re3 27. fxe3 Rxe3
28. Bd3 Rxf3 29. Kg2 Re3 30. Rf1 Bxd4 31. Kh2 Be5 32. Qd1 Rxg3 33. Nxg3 Bxg3+
34. Kg1 Ne3 35. Qd2 Nxf1 36. Qxh6 Qb6+ 37. Kh1 Qe3 38. Bh7+ Kh8 39. Qf8+ Kxh7
40. Qxf7+ Kh6 41. Qf6+ Kh7 42. Qf7+ Kh6 43. Qf6+ Kh7 1/2-1/2

[Event "7th Sharjah Masters 2024"]
[Site "Sharjah UAE"]
[Date "2024.05.19"]
[Round "6.14"]
[White "Royal, Shreyas"]
[Black "Puranik, Abhimanyu"]
[Result "1/2-1/2"]
[WhiteTitle "IM"]
[BlackTitle "GM"]
[WhiteElo "2464"]
[BlackElo "2631"]
[WhiteFideId "448869"]
[BlackFideId "5061245"]
[EventDate "2024.05.14"]

1. d4 Nf6 2. c4 g6 3. Nc3 d5 4. cxd5 Nxd5 5. Bd2 c5 6. Rc1 Nc6 7. dxc5 Bg7 8. e4
Ndb4 9. a3 Nd3+ 10. Bxd3 Qxd3 11. Nge2 O-O 12. O-O Bg4 13. f3 Be6 14. Nf4 Qd4+
15. Rf2 Qxc5 16. Ncd5 Qd6 17. Be3 Rad8 18. Rd2 Qb8 19. b4 Bxd5 20. exd5 Ne5 21.
d6 Rxd6 22. Nd5 Re6 23. Bc5 h5 24. Bxe7 Re8 25. Bh4 Bh6 26. Nf6+ Rxf6 27. Bxf6
b5 28. Bxe5 Qxe5 29. Rd8 Bxc1 30. Rxe8+ Qxe8 31. Qxc1 Qe5 32. h3 Kg7 33. Kf2 h4
34. Qd2 g5 1/2-1/2

[Event "7th Sharjah Masters 2024"]
[Site "Sharjah UAE"]
[Date "2024.05.19"]
[Round "6.15"]
[White "Deac, Bogdan-Daniel"]
[Black "Adhiban, Baskaran"]
[Result "1-0"]
[WhiteTitle "GM"]
[BlackTitle "GM"]
[WhiteElo "2693"]
[BlackElo "2523"]
[WhiteFideId "1226380"]
[BlackFideId "5018471"]
[EventDate "2024.05.14"]

1. Nf3 d5 2. e3 Nf6 3. c4 e6 4. d4 Be7 5. Nc3 O-O 6. Bd2 dxc4 7. Bxc4 b6 8. e4
Bb7 9. Qe2 c5 10. dxc5 Nbd7 11. cxb6 Nxb6 12. Bb5 Bb4 13. Rd1 Qc8 14. Bd3 Rd8
15. O-O Rxd3 16. Qxd3 Ba6 17. Qb1 Bxf1 18. Rxf1 Nc4 19. Rc1 Nxd2 20. Nxd2 Qb7
21. Qd3 Ba5 22. Qc2 Rd8 23. h3 h6 24. Re1 Rc8 25. Nb3 Bc7 26. Nd2 Ba5 27. Nb3
Bc7 28. e5 Nd7 29. f4 Nf8 30. Qe4 Qb6+ 31. Kh1 Ng6 32. Rd1 Bb8 33. g3 h5 34. h4
a5 35. Qd4 Qb7+ 36. Qe4 Qb6 37. Qd4 Qb7+ 38. Kh2 Ba7 39. Qd7 Rc7 40. Qd8+ Nf8
41. Qd3 Qb4 42. Qb5 Qe7 43. Nxa5 Be3 44. Nc6 Qe8 45. Nd4 Qe7 46. Nf3 Nd7 47. Ng5
g6 48. Qe2 Bb6 49. Nb5 Rc5 50. Nd6 1-0

[Event "7th Sharjah Masters 2024"]
[Site "Sharjah UAE"]
[Date "2024.05.19"]
[Round "6.16"]
[White "Radjabov, Teimour"]
[Black "Nesterov, Arseniy"]
[Result "1-0"]
[WhiteTitle "GM"]
[BlackTitle "GM"]
[WhiteElo "2723"]
[BlackElo "2590"]
[WhiteFideId "13400924"]
[BlackFideId "24198455"]
[EventDate "2024.05.14"]

1. e4 e5 2. Nf3 Nf6 3. d4 Nxe4 4. Bd3 d5 5. Nxe5 Nd7 6. Nc3 Nxc3 7. bxc3 Bd6 8.
O-O O-O 9. Re1 c5 10. Qf3 c4 11. Bf5 Nxe5 12. dxe5 Re8 13. Bf4 Bf8 14. Bxc8 Rxc8
15. Re2 Rc5 16. h3 h6 17. Rd1 Qd7 18. Red2 Rd8 19. Be3 Ra5 20. Bxa7 Qe6 21. Bd4
Rxa2 22. Rb1 Qc6 23. Rb6 Qd7 24. Rd1 Ra6 25. Rdb1 Rxb6 26. Rxb6 Ra8 27. Qg4 Qc7
28. Rxh6 g6 29. Rh4 Be7 30. Rh5 Bf6 31. f4 Bg7 32. Rg5 Bh6 33. e6 Bxg5 34. Qxg5
Kf8 35. Qf6 Ra1+ 36. Kh2 Ke8 37. Bc5 1-0

[Event "7th Sharjah Masters 2024"]
[Site "Sharjah UAE"]
[Date "2024.05.19"]
[Round "6.17"]
[White "Dudin, Gleb"]
[Black "Artemiev, Vladislav"]
[Result "0-1"]
[WhiteTitle "GM"]
[BlackTitle "GM"]
[WhiteElo "2554"]
[BlackElo "2705"]
[WhiteFideId "34184934"]
[BlackFideId "24101605"]
[EventDate "2024.05.14"]

1. d4 Nf6 2. c4 e6 3. Nc3 Bb4 4. a3 Bxc3+ 5. bxc3 Nc6 6. f3 b6 7. e4 h6 8. Bd3
Na5 9. Nh3 d6 10. O-O Ba6 11. f4 Nd7 12. e5 Qe7 13. c5 Bxd3 14. cxd6 cxd6 15.
Qxd3 Nb3 16. Rb1 Nxc1 17. Rbxc1 O-O 18. Qb5 dxe5 19. fxe5 f6 20. exf6 Rxf6 21.
Qc6 Raf8 22. Qc7 Qf7 23. Rxf6 Nxf6 24. Qxf7+ Kxf7 25. Nf4 Rc8 26. Nd3 Ke8 27. a4
Ne4 28. c4 Rd8 29. Nf4 Ke7 30. Ne2 Rc8 31. h3 e5 32. dxe5 Ke6 33. a5 Nd2 34.
axb6 axb6 35. c5 bxc5 36. Rc2 Ne4 37. Nd4+ Kxe5 38. Nf3+ Kf4 39. Rc4 Ke3 40. Ne5
Re8 41. Nd7 Kd3 42. Rc1 c4 0-1

[Event "7th Sharjah Masters 2024"]
[Site "Sharjah UAE"]
[Date "2024.05.19"]
[Round "6.18"]
[White "Esipenko, Andrey"]
[Black "Vokhidov, Shamsiddin"]
[Result "0-1"]
[WhiteTitle "GM"]
[BlackTitle "GM"]
[WhiteElo "2704"]
[BlackElo "2592"]
[WhiteFideId "24175439"]
[BlackFideId "14204223"]
[EventDate "2024.05.14"]

1. e4 c5 2. Nf3 e6 3. c3 Nf6 4. Bd3 d5 5. e5 Nfd7 6. Bc2 c4 7. O-O Nc6 8. Re1 g5
9. b3 g4 10. Nd4 Ncxe5 11. bxc4 dxc4 12. d3 cxd3 13. Bxd3 a6 14. Bf1 Be7 15. Nd2
Qc7 16. Ne4 b6 17. Bf4 h5 18. Nd2 Bd6 19. Ne4 Nf3+ 20. Qxf3 Bxf4 21. Nd6+ Bxd6
22. Qxa8 O-O 23. Bxa6 Nc5 24. Nb5 Bxh2+ 25. Kh1 Qe7 26. Kxh2 Bxa6 27. Qc6 Nd3
28. Qxb6 Bxb5 29. Re4 Qg5 30. Kg1 Rc8 31. a4 Bc6 32. Qa6 Bxe4 33. Qxc8+ Kg7 34.
Qc4 Qf5 35. Qd4+ Kh7 36. Qe3 Nf4 37. Re1 Bxg2 38. Qe5 Qxe5 39. Rxe5 h4 40. Kh2
Bf3 41. a5 Kg6 42. Re3 Ba8 43. a6 Nh3 44. f3 gxf3 45. Re1 Nf2 46. Rg1+ Kf5 47.
Rg8 Ng4+ 48. Kg1 f2+ 49. Kf1 Be4 0-1

[Event "7th Sharjah Masters 2024"]
[Site "Sharjah UAE"]
[Date "2024.05.19"]
[Round "6.19"]
[White "Can, Emre"]
[Black "Sadhwani, Raunak"]
[Result "1/2-1/2"]
[WhiteTitle "GM"]
[BlackTitle "GM"]
[WhiteElo "2549"]
[BlackElo "2654"]
[WhiteFideId "6302181"]
[BlackFideId "35093487"]
[EventDate "2024.05.14"]

1. d4 Nf6 2. c4 e6 3. Nf3 h6 4. g3 Bb4+ 5. Bd2 Be7 6. Bg2 O-O 7. O-O d5 8. Qc2
c6 9. Bf4 Nbd7 10. Rd1 a5 11. Nc3 dxc4 12. Nd2 Nb6 13. e4 Bd7 14. Nf3 Be8 15.
Qe2 Rc8 16. Ne5 Bd6 17. Be3 Bb8 18. Rac1 Qe7 19. Nxc4 Nxc4 20. Qxc4 Ba7 21. h3
Bd7 22. Qe2 Rfd8 23. Na4 Be8 24. Nc5 Nh7 25. e5 f5 26. f4 Nf8 27. Kh2 Ra8 28.
Bf3 Kh8 29. a3 Bf7 30. b4 axb4 31. axb4 Bb6 32. Qb2 Rab8 33. Rd2 Be8 34. Qb3 Ra8
35. Rdc2 Ra7 36. Ra2 1/2-1/2

[Event "7th Sharjah Masters 2024"]
[Site "Sharjah UAE"]
[Date "2024.05.19"]
[Round "6.20"]
[White "Ter-Sahakyan, Samvel"]
[Black "Mchedlishvili, Mikheil"]
[Result "1-0"]
[WhiteTitle "GM"]
[BlackTitle "GM"]
[WhiteElo "2652"]
[BlackElo "2569"]
[WhiteFideId "13302531"]
[BlackFideId "13600966"]
[EventDate "2024.05.14"]

1. d4 Nf6 2. c4 e6 3. Nc3 Bb4 4. e3 O-O 5. Bd3 c5 6. Ne2 cxd4 7. exd4 d5 8. cxd5
Nxd5 9. O-O Nc6 10. Bc2 Bd6 11. Qd3 g6 12. a3 Nxc3 13. bxc3 e5 14. Ng3 exd4 15.
cxd4 Bxg3 16. Qxg3 Nxd4 17. Bd3 Bf5 18. Bb2 Bxd3 19. Qxd3 Nc6 20. Qh3 Qd2 21.
Rab1 Rad8 22. Ba1 Qd7 23. Qh4 f5 24. Qc4+ Rf7 25. Rfe1 h5 26. h3 Kh7 27. Rbd1
Re8 28. Qc3 Rxe1+ 29. Rxe1 Rf8 30. Re6 Qf7 31. Rd6 Qe7 32. Qg3 Rg8 33. Bf6 Qe8
34. Qb3 Qc8 35. Qf7+ 1-0

[Event "7th Sharjah Masters 2024"]
[Site "Sharjah UAE"]
[Date "2024.05.19"]
[Round "6.23"]
[White "Bharath, Subramaniyam H"]
[Black "Gledura, Benjamin"]
[Result "1/2-1/2"]
[WhiteTitle "GM"]
[BlackTitle "GM"]
[WhiteElo "2545"]
[BlackElo "2619"]
[WhiteFideId "46634827"]
[BlackFideId "712779"]
[EventDate "2024.05.14"]

1. e4 c5 2. Nf3 d6 3. d4 cxd4 4. Nxd4 Nf6 5. Nc3 a6 6. Bc4 e6 7. a4 Be7 8. O-O
O-O 9. Be3 Nc6 10. Qe2 Nxd4 11. Bxd4 Bd7 12. a5 Bc6 13. Rfd1 Rc8 14. Bb6 Qe8 15.
Bb3 Nd7 16. Bd4 Qd8 17. Qe3 Re8 18. Ne2 Bf8 19. c4 Qh4 20. Nc3 Ne5 21. Qg3 Qxg3
22. hxg3 f6 23. Rac1 Kf7 24. Ba2 Bd7 25. Ne2 Nc6 26. Bc3 Rc7 27. b3 Rb8 28. Bd2
b6 29. axb6 Rxb6 30. Nc3 Nb4 31. Bb1 g5 32. Be3 Rbb7 33. f4 h6 34. Rf1 Kg7 35.
Rf2 Be7 36. Rcf1 Nc6 37. Bc2 Nb4 38. Bb1 gxf4 39. gxf4 d5 40. exd5 exd5 41. Nxd5
Nxd5 42. cxd5 Rxb3 43. Rf3 Bg4 44. Rg3 h5 45. Bf2 Rxg3 46. Bxg3 Bd6 47. Bf2 Bxf4
48. Bd3 Rd7 49. Bc4 Be5 50. Bxa6 Rxd5 51. Bb7 Rd2 52. Be3 Re2 53. Bf4 Kg6 54.
Ba6 Rb2 55. Bd3+ Kg7 56. Bxe5 fxe5 57. Bf5 Rb4 58. Kh2 Kh6 59. Bxg4 Rxg4 60. Rf5
Re4 61. Kg3 Kg6 62. Rf8 Rg4+ 63. Kf3 e4+ 64. Kf2 Rg5 65. Rf4 Rg4 66. Ke3 Kg5 67.
Rxe4 Rxe4+ 68. Kxe4 Kg4 69. Ke5 h4 70. Kf6 Kg3 71. Kg5 Kxg2 72. Kxh4 1/2-1/2

[Event "7th Sharjah Masters 2024"]
[Site "Sharjah UAE"]
[Date "2024.05.19"]
[Round "6.24"]
[White "Petrosyan, Manuel"]
[Black "Horvath, Dominik"]
[Result "1/2-1/2"]
[WhiteTitle "GM"]
[BlackTitle "IM"]
[WhiteElo "2618"]
[BlackElo "2554"]
[WhiteFideId "13300857"]
[BlackFideId "1642561"]
[EventDate "2024.05.14"]

1. e4 e5 2. Nf3 Nf6 3. Nc3 Nc6 4. Bb5 Nd4 5. Nxd4 exd4 6. e5 dxc3 7. exf6 Qxf6
8. dxc3 Qe5+ 9. Qe2 Qxe2+ 10. Kxe2 c6 11. Bd3 d5 12. a4 a5 13. Bf4 Be6 14. h4 h5
15. Kf3 O-O-O 16. Rhb1 d4 17. b4 axb4 18. cxb4 f6 19. Ke2 Bd6 20. Bxd6 Rxd6 21.
Kd2 g5 22. Rh1 Bd5 23. f3 Kc7 24. a5 Re6 25. a6 bxa6 26. Rxa6 Re5 27. b5 Rg8 28.
hxg5 Rexg5 29. Kc1 Rxg2 30. Rxh5 Rg1+ 31. Kb2 Re1 32. Rh7+ Kd6 33. bxc6 Bxc6 34.
Be4 Rc8 35. Rh6 Kc5 36. Rh5+ Kd6 37. Rb6 Re3 38. Rf5 Kd7 39. Bxc6+ Rxc6 40. Rxc6
Kxc6 41. Rxf6+ Kd5 42. Rf8 Kc4 43. Kc1 Re2 44. Rc8+ Kd5 45. Rb8 Rf2 46. Rb3 Kc4
47. Rd3 Rf1+ 48. Kd2 Rf2+ 49. Kd1 Rf1+ 50. Ke2 Rc1 51. Kd2 Rf1 52. Ra3 Rf2+ 53.
Kd1 Kb4 54. Rb3+ Kc4 55. Kc1 Rf1+ 56. Kb2 Rf2 57. Ra3 Kb4 58. Rd3 Kc4 59. Rb3
Rf1 60. Ra3 Kb4 61. Rb3+ 1/2-1/2